Philippines Country Quiz - Statistics

General Stats
  • This quiz has been taken 75,953 times
    63,991 since last reset
  • The average score is 12 of 20
Answer Stats
Hint Answer % Correct
Capital city Manila
98%
Most-spoken language Filipino (Tagalog)
88%
Countries that occupied the Philippines Spain
86%
Countries that occupied the Philippines United States
86%
Countries that occupied the Philippines Japan
84%
Type of natural disaster that struck in 2013 Typhoon
71%
Largest islands Luzon
70%
Most populous city (a part of the metro area above) {Quezon} City
61%
Explorer who died in the Philippines in 1521 Ferdinand Magellan
59%
Boxer who was a world champion in eight divisions Manny Pacquiao
55%
Largest islands Mindanao
52%
Controversial former President who served from 2016–2022 Rodrigo Duterte
50%
Second biggest metro area Cebu
47%
Former first lady / shoe collector Imelda Marcos
47%
U.S. general who was also a Field Marshal of the Phillipine army Douglas MacArthur
46%
Slang term for a person from the Philippines (hint: starts with P) Pinoy
43%
Hills that turn brown in the dry season {Chocolate} Hills
37%
Volcano that erupted in 1991, the biggest eruption in 108 years Mount Pinatubo
37%
Largest islands Negros
27%
Largest islands Samar
24%
No matching quizzes found
Score Distribution
Percent of People with Each Score
Percentile by Number Answered
Your Score History
You have not taken this quiz since the last reset